00376nam a2200145Ia 45000010006000000050017000060080041000230410008000640820018000721000031000902450084001212600009002056500008002146540008002222410120260414151021.0260414t2006||||xx |||||||||||||| ||spa|| aESP a780.8985bV47 aVera Béjar, AugustoeAUT 0aMúsica, danza, tradición y personajes puneños :btreinta años después c2006 aABD aCAU